| 000 | 00974nam a22002537a 4500 | ||
|---|---|---|---|
| 999 |
_c65055 _d65055 |
||
| 005 | 20240530110804.0 | ||
| 008 | 190224s2018 ua ab g b 000 0 ara d | ||
| 017 |
_a2018/5418 _bمصر. دار الكتب |
||
| 020 | _a9789777870610 | ||
| 040 |
_aEG-CaGPL _cEG-CaGPL |
||
| 082 | 0 | 4 |
_221 _a526.981 / _bم خ |
| 100 | 0 | _aمحمد ابراهيم محمد خطاب | |
| 245 | 1 | 2 |
_aالخرائط الكنتورية : _bانشاؤها وقراءتها وتحليلها / _cتاليف محمد ابراهيم محمد خطاب |
| 250 | _aط.1 | ||
| 260 |
_aالقاهرة : _bدار النابغة للنشر والتوزيع، _c2018. |
||
| 300 |
_a207 ص. : _bايض ؛ _c24 سم. |
||
| 504 | _aيشتمل على ارجاعات ببليوجرافية | ||
| 650 | 0 | 7 |
_2qrmak _aالخرائط |
| 650 | 0 | 7 |
_2qrmak _aالخرائط الكونتورية |
| 650 | 0 | 7 |
_2qrmak _aالكونتورات |
| 651 | _2qrmak | ||
| 942 |
_2ddc _cBK |
||